MARC details
| 000 -LEADER |
| fixed length control field |
02360cam a22005655a 4500 |
| 001 - CONTROL NUMBER |
| control field |
9618693 |
| 003 - CONTROL NUMBER IDENTIFIER |
| control field |
EG-ScBUE |
| 005 - DATE AND TIME OF LATEST TRANSACTION |
| control field |
20210322101619.0 |
| 008 - FIXED-LENGTH DATA ELEMENTS--GENERAL INFORMATION |
| fixed length control field |
120227t2012 nyua f b 001 0 eng d |
| 020 ## - INTERNATIONAL STANDARD BOOK NUMBER |
| International Standard Book Number |
9780393912494 (v. A) |
| 020 ## - INTERNATIONAL STANDARD BOOK NUMBER |
| International Standard Book Number |
0393912493 (v. A) |
| 020 ## - INTERNATIONAL STANDARD BOOK NUMBER |
| International Standard Book Number |
9780393912500 (v. B) |
| 020 ## - INTERNATIONAL STANDARD BOOK NUMBER |
| International Standard Book Number |
0393912507 (v. B) |
| 020 ## - INTERNATIONAL STANDARD BOOK NUMBER |
| International Standard Book Number |
9780393912517 (v. C) |
| 020 ## - INTERNATIONAL STANDARD BOOK NUMBER |
| International Standard Book Number |
0393912515 (v. C) |
| 020 ## - INTERNATIONAL STANDARD BOOK NUMBER |
| International Standard Book Number |
9780393913002 (Package 1) |
| 020 ## - INTERNATIONAL STANDARD BOOK NUMBER |
| International Standard Book Number |
0393913007 (Package 1) |
| 040 ## - CATALOGING SOURCE |
| Original cataloging agency |
VVB |
| Language of cataloging |
eng |
| Description conventions |
rda |
| Transcribing agency |
VVB |
| Modifying agency |
VVB |
| -- |
YDXCP |
| -- |
OCLCQ |
| -- |
UKMGB |
| -- |
CDN |
| -- |
CDN |
| -- |
EG-ScBUE |
| 043 ## - GEOGRAPHIC AREA CODE |
| Geographic area code |
e-uk--- |
| 082 04 - DEWEY DECIMAL CLASSIFICATION NUMBER |
| Classification number |
820.8 |
| Item number |
NOR |
| Edition number |
22 |
| 245 04 - TITLE STATEMENT |
| Title |
The Norton anthology of English literature / |
| Statement of responsibility, etc |
Stephen Greenblatt, general editor, Cogan University professor of the humanities, Harvard University. |
| 246 30 - VARYING FORM OF TITLE |
| Title proper/short title |
Anthology of English literature |
| 250 ## - EDITION STATEMENT |
| Edition statement |
Ninth edition. |
| 264 #1 - PUBLICATION, DISTRIBUTION, ETC. (IMPRINT) |
| Place of publication, distribution, etc |
New York ; |
| -- |
London : |
| Name of publisher, distributor, etc |
W. W. Norton and Company, |
| Date of publication, distribution, etc |
[2012] |
| 264 #4 - PUBLICATION, DISTRIBUTION, ETC. (IMPRINT) |
| Date of publication, distribution, etc |
c2012 |
| 300 ## - PHYSICAL DESCRIPTION |
| Extent |
3 volumes : |
| Other physical details |
illustrations ; |
| Dimensions |
24 cm |
| 336 ## - CONTENT TYPE |
| Source |
rdacontent |
| Content type term |
text |
| Content type code |
txt |
| 337 ## - MEDIA TYPE |
| Source |
rdamedia |
| Media type term |
unmediated |
| Media type code |
n |
| 338 ## - CARRIER TYPE |
| Source |
rdacarrier |
| Carrier type term |
volume |
| Carrier type code |
nc |
| 504 ## - BIBLIOGRAPHY, ETC. NOTE |
| Bibliography, etc |
Includes bibliographical references and index. |
| 505 0# - FORMATTED CONTENTS NOTE |
| Formatted contents note |
Content : volume A. 1. The Middle Ages / James Simpson, Alfred David -- volume B. The sixteenth century and the early seventeenth century / Stephen Greenblatt ... [et al.] -- volume C. The Restoration and the eighteenth century / James Noggle, Lawrence Lipking. |
| 650 #7 - SUBJECT ADDED ENTRY--TOPICAL TERM |
| Topical term or geographic name as entry element |
English literature |
| Chronological subdivision |
Early modern, 1500-1700 |
| General subdivision |
History and criticism. |
| Source of heading or term |
BUEsh |
| 9 (RLIN) |
19683 |
| 650 #7 - SUBJECT ADDED ENTRY--TOPICAL TERM |
| Topical term or geographic name as entry element |
English literature |
| Chronological subdivision |
18th century |
| General subdivision |
History and criticism. |
| Source of heading or term |
BUEsh |
| 9 (RLIN) |
37269 |
| 651 ## - SUBJECT ADDED ENTRY--GEOGRAPHIC NAME |
| Source of heading or term |
BUEsh |
| 653 ## - INDEX TERM--UNCONTROLLED |
| Arrived date list |
August 2016 |
| Resource For college |
Humanities: English |
| 653 ## - INDEX TERM--UNCONTROLLED |
| Resource For college |
Humanities: English |
| Arrived date list |
October2016 |
| 655 ## - INDEX TERM--GENRE/FORM |
| Form subdivision |
Reading book |
| 9 (RLIN) |
34232 |
| 700 1# - ADDED ENTRY--PERSONAL NAME |
| Personal name |
Greenblatt, Stephen, |
| Dates associated with a name |
1943- |
| Relator term |
editor. |
| 740 0# - ADDED ENTRY--UNCONTROLLED RELATED/ANALYTICAL TITLE |
| Uncontrolled related/analytical title |
Middle ages. |
| 740 0# - ADDED ENTRY--UNCONTROLLED RELATED/ANALYTICAL TITLE |
| Uncontrolled related/analytical title |
Sixteenth century and the early seventeenth century. |
| 740 0# - ADDED ENTRY--UNCONTROLLED RELATED/ANALYTICAL TITLE |
| Uncontrolled related/analytical title |
16th century and the early 17th century. |
| 740 0# - ADDED ENTRY--UNCONTROLLED RELATED/ANALYTICAL TITLE |
| Uncontrolled related/analytical title |
Restoration and the eighteenth century. |
| 740 0# - ADDED ENTRY--UNCONTROLLED RELATED/ANALYTICAL TITLE |
| Uncontrolled related/analytical title |
Restoration and the 18th century. |
| 740 0# - ADDED ENTRY--UNCONTROLLED RELATED/ANALYTICAL TITLE |
| Uncontrolled related/analytical title |
Romantic period. |
| 740 0# - ADDED ENTRY--UNCONTROLLED RELATED/ANALYTICAL TITLE |
| Uncontrolled related/analytical title |
Victorian age. |
| 740 0# - ADDED ENTRY--UNCONTROLLED RELATED/ANALYTICAL TITLE |
| Uncontrolled related/analytical title |
Twentieth century and after. |
| 740 0# - ADDED ENTRY--UNCONTROLLED RELATED/ANALYTICAL TITLE |
| Uncontrolled related/analytical title |
20th century and after. |
| 856 ## - ELECTRONIC LOCATION AND ACCESS |
| Uniform Resource Identifier |
<a href="http://www.wwnorton.com/college/english/nael9/">http://www.wwnorton.com/college/english/nael9/</a> |
| Link text |
Student Studyspace |
| 942 ## - ADDED ENTRY ELEMENTS (KOHA) |
| Source of classification or shelving scheme |
Dewey Decimal Classification |
| Edition |
22 |
| Call number prefix |
820.8 NOR |
| Koha item type |
Book - Borrowing |